Inkunábuly Slovenskej národnej knižnice Matice slovenskej v Martine

Bibliographic Details
Main Authors: Kotvan, Imrich, 1910-1984 (Author), Frimmová, Eva, 1950- (Author)
Format: Book
Language:Slovak
PhysicalDescription:264 s., 29,15 AH Fot. 30 cm
Published: Martin Matica slovenská 1988
Edition:1., vyd.
Series:Dokumentácia
Subjects:

MARC

LEADER 00000nam a2200000 a 4500
001 vtls001121641
003 SK-MaSNL
005 20260301055953.0
008 251111t1988 xo oa f i 00100 slo
015 |a SNBA1988/08 
035 |a SNK000064484 
040 |a SNK  |b slo  |c SNK  |e AACR2 
041 |a slo 
044 |a xr  |c SK 
072 7 |a 093  |x Prvotlače  |2 konspekt 
080 |a 093:027.54(437.652-21)  |2 1981 
080 |a 027.54(437.652-21)  |2 1981 
080 |a 093  |2 2001 
100 1 |a Kotvan, Imrich,  |d 1910-1984  |4 aut  |9 101596 
245 1 0 |a Inkunábuly Slovenskej národnej knižnice Matice slovenskej v Martine  |c Imrich Kotvan, Eva Frimmová ; Pavol Menich 
250 |a 1., vyd. 
260 |a Martin  |b Matica slovenská  |c 1988  |e Martin  |f Tlačiarne SNP 
300 |a 264 s., 29,15 AH  |b Fot.  |c 30 cm 
366 |e 900 výtl. 
490 0 |a Dokumentácia 
500 |a Katalógy. Lit. 80. Súbež. tit. list. lat. 80 zázn. v slov., češ., nem., maď. a poľ. 
650 0 7 |a prvotlače  |2 SNKPH  |9 70449 
650 0 7 |a Incunabula  |2 SNKPHeng  |9 298506 
700 1 |a Frimmová, Eva,  |d 1950-  |4 aut  |9 212850 
700 1 |a Menich, Pavol,  |d 1937-1997  |4 bkd  |9 38943 
852 |a Slovenská národná knižnica 
954 |a inkunábuly  |a Matica slovenská, Martin 
958 |a NB 
958 |a TL 
958 |a KL 
958 |a OND 
999 |c 614608  |d 616538 
952 |a SNK  |b SNK  |y PREZ  |7 0  |p 17A0833489  |o snkSB 43460   |0 0  |1 0  |4 0  |d 2012-07-11  |f 1  |l 0  |r 2025-05-09 00:00:00  |w 2026-02-23 
952 |a SNK  |b SNK  |y VYP  |7 0  |p 17A0012730  |o snkSB 43460 D8  |i snkD 3165/88  |8 1  |0 0  |1 0  |4 0  |d 1996-10-09  |l 0  |r 2004-12-31 00:00:00  |w 2026-02-23 
952 |a SNK  |b SNK  |y VYP  |7 0  |p 17A0155925  |o snkSB 43460 D4  |i snkD 3161/88  |8 1  |0 0  |1 0  |4 0  |d 1998-08-21  |l 0  |r 2004-12-31 00:00:00  |w 2026-02-23 
952 |a SNK  |b SNK  |y VYP  |7 0  |p 17A0155913  |o snkSB 43460 D5  |i snkD 3162/88  |8 1  |0 0  |1 0  |4 0  |d 1998-08-21  |l 0  |r 2004-12-31 00:00:00  |w 2026-02-23 
952 |a SNK  |b SNK  |y VYP  |7 0  |p 17A0155894  |o snkSB 43460 D6  |i snkD 3163/88  |8 1  |0 0  |1 0  |4 0  |d 1998-08-21  |l 0  |r 2004-12-31 00:00:00  |w 2026-02-23 
952 |a SNK  |b SNK  |y VYP  |7 0  |p 17A0155895  |o snkSB 43460 D7  |i snkD 3164/88  |8 1  |0 0  |1 0  |4 0  |d 1998-08-21  |l 0  |r 2004-12-31 00:00:00  |w 2026-02-23 
952 |a SNK  |b SNK  |y VYP  |7 0  |p 17A0155901  |o snkSB 43460 D9  |i snkD 3166/88  |8 1  |0 0  |1 0  |4 0  |d 1998-08-21  |l 0  |r 2004-12-31 00:00:00  |w 2026-02-23 
952 |a SNK  |b SNK  |y VYP  |7 0  |p 17A0155900  |o snkSB 43460 D2  |i snkD 3159/88  |8 1  |0 0  |1 0  |4 0  |d 1998-08-21  |l 0  |r 2004-12-31 00:00:00  |w 2026-02-23 
952 |t snkKOT 09(017)  |a SNKUST  |b SNKUST  |y PREZ  |7 0  |p 17A0155872  |o snkSB 43460 D1   |i snkKSP 4883/88  |0 0  |1 0  |4 0  |d 1998-08-21  |l 0  |r 2025-03-21 00:00:00  |w 2026-02-23 
952 |a SNK  |b SNK  |c SNK_STHKF  |y PREZ  |7 0  |p 17A0407421  |o snkSB 43460 D3  |i snkD 3160/88  |8 1  |0 0  |1 0  |4 0  |d 2003-12-10  |l 0  |r 2004-12-31 00:00:00  |w 2026-02-23